|
|
|
|
| LEADER |
00634nta a2200181 i 4500 |
| 001 |
dipl96148 |
| 005 |
20210129080350.0 |
| 008 |
201216s2001 hu om 0|| zxx d |
| 040 |
|
|
|a SZTE Diploma Repozitórium
|b hun
|
| 041 |
|
|
|a zxx
|
| 100 |
1 |
|
|a Stercz Ivett
|
| 245 |
1 |
2 |
|a A személyiség válsága Márai Sándor Válás Budán című művében
|h [elektronikus dokumentum] /
|c Ivett Stercz
|
| 260 |
|
|
|c 2001
|
| 650 |
|
4 |
|a Bölcsészettudományok
|
| 650 |
|
4 |
|a Humanities
|
| 650 |
|
4 |
|a Languages and Literature
|
| 700 |
1 |
|
|a Kakuszi Péter
|e ths
|
| 856 |
4 |
0 |
|u http://diploma.bibl.u-szeged.hu/id/eprint/96148/1/2001_strecz_ivett.pdf
|z Dokumentum-elérés
|